| 000 | 00729nam a2200301Ia 4500 | ||
|---|---|---|---|
| 008 | 210210b2010 xxu||||| |||| 00| 0 eng d | ||
| 020 | _a9780749460853 | ||
| 041 | _aeng | ||
| 082 | _a658.3124 PARM | ||
| 100 | _aPARKIN (Margaret) | ||
| 245 |
_aMore tales for trainers _bUsing stories and metaphors to influence and encourage learning |
||
| 260 |
_aLondon _bKogan Page _c2010 |
||
| 300 | _avii,208 | ||
| 650 | _aUsing | ||
| 650 | _atrainers | ||
| 650 | _ato | ||
| 650 | _atales | ||
| 650 | _astories | ||
| 650 | _aMore | ||
| 650 | _ametaphors | ||
| 650 | _alearning | ||
| 650 | _ainfluence | ||
| 650 | _afor | ||
| 650 | _aencourage | ||
| 650 | _aand | ||
| 690 | _aPersonnel Management | ||
| 906 | _a065824 | ||
| 999 |
_c147023 _d147023 |
||